Āpanajana / (Record no. 82422)

MARC details
000 -LEADER
fixed length control field 00509nam a2200193 i 4500
001 - CONTROL NUMBER
control field sa 68008540
003 - CONTROL NUMBER IDENTIFIER
control field DLC
005 - DATE AND TIME OF LATEST TRANSACTION
control field 20260227112532.0
008 - FIXED-LENGTH DATA ELEMENTS--GENERAL INFORMATION
fixed length control field 811013s1968 ii 00011 ben
010 ## - LIBRARY OF CONGRESS CONTROL NUMBER
LC control number sa 68008540 //r81
025 ## - OVERSEAS ACQUISITION NUMBER
Overseas acquisition number PL480:I-B-3509
050 0# - LIBRARY OF CONGRESS CALL NUMBER
Classification number PK1718.G72
Item number A87
100 10 - MAIN ENTRY--PERSONAL NAME
Personal name Guha, Arabinda.
245 10 - TITLE STATEMENT
Title Āpanajana /
Statement of responsibility, etc. Indramitra [i.e. A. Guha].
260 0# - PUBLICATION, DISTRIBUTION, ETC.
Place of publication, distribution, etc. Kalikātā :
Name of publisher, distributor, etc. Bāk-Sāhitya,
Date of publication, distribution, etc. [1968]
300 ## - PHYSICAL DESCRIPTION
Extent 136 p. ;
Dimensions 23 cm.
500 ## - GENERAL NOTE
General note In Bengali.
500 ## - GENERAL NOTE
General note Short stories.

No items available.

Powered by Koha